Historia de la revolución Inglesa
Đã lưu trong:
| Tác giả chính: | |
|---|---|
| Định dạng: | Sách |
| Ngôn ngữ: | Tiếng Tây Ban Nha |
| Được phát hành: |
Madrid
Perlado
1910
|
| Loạt: | Biblioteca Clásica
|
| Những chủ đề: | |
| Các nhãn: |
Thêm thẻ
Không có thẻ, Là người đầu tiên thẻ bản ghi này!
|
MARC
| LEADER | 00000nam a2200000 a 4500 | ||
|---|---|---|---|
| 001 | UCO0382 | ||
| 003 | CL-VaPUC | ||
| 008 | 000420e19100000SP |||||||||||||||||spa|d | ||
| 082 | 0 | 4 | |a 942.062 |b MAC |2 21 |
| 100 | |a Macaulay, Thomas Babington |e autor |9 514895 | ||
| 245 | 1 | 0 | |a Historia de la revolución Inglesa |
| 300 | |a v | ||
| 942 | |c BK | ||
| 945 | |d 20000420 00:00:00 |a rherrera | ||
| 260 | |a Madrid |b Perlado |c 1910 | ||
| 600 | 0 | 7 | |a COMMONWEALTH |2 CL-VaPUC |9 441618 |
| 600 | 0 | 7 | |a ESTUARDOS |2 CL-VaPUC |9 441619 |
| 600 | 0 | 7 | |a GUILLERMO III |2 CL-VaPUC |9 437082 |
| 650 | 0 | |a Historia de Inglaterra |9 376029 | |
| 650 | 0 | |a Revolución inglesa |9 441001 | |
| 650 | 0 | |a Historia |y Siglo 17 |9 255532 | |
| 651 | 0 | |a Inglaterra |9 255158 | |
| 583 | |a last modification |c 20160817 11:29:38 |k Rodrigo Vera | ||
| 490 | 0 | |a Biblioteca Clásica | |
| 999 | |c 287093 |d 287091 | ||
| 952 | |0 0 |1 0 |4 0 |6 942_062000000000000_MAC_1910 |7 0 |8 X |9 333507 |a BIBHIS |b BIBHIS |d 2019-11-20 |h v.1 |i 1265512 |o 942.062 MAC 1910 |p 1265512 |r 2024-01-30 |w 2019-11-20 |y BK_X |k HIS | ||
| 952 | |0 0 |1 0 |4 0 |6 942_062000000000000_MAC_1910 |7 0 |8 X |9 333508 |a BIBHIS |b BIBHIS |d 2019-11-20 |h v.2 |i 1265520 |o 942.062 MAC 1910 |p 1265520 |r 2024-01-30 |w 2019-11-20 |y BK_X |k HIS | ||
| 952 | |0 0 |1 0 |4 0 |6 942_062000000000000_MAC_1910 |7 0 |8 X |9 333509 |a BIBHIS |b BIBHIS |d 2019-11-20 |h v.3 |i 1265504 |o 942.062 MAC 1910 |p 1265504 |r 2024-01-30 |w 2019-11-20 |y BK_X |k HIS | ||
| 952 | |0 0 |1 0 |4 0 |6 942_062000000000000_MAC_1910 |7 0 |8 X |9 333510 |a BIBHIS |b BIBHIS |d 2019-11-20 |h v.4 |i 1265539 |o 942.062 MAC 1910 |p 1265539 |r 2024-01-30 |w 2019-11-20 |y BK_X |k HIS | ||